01155cam a2200277 a 45000010009000000050017000090080041000260100017000670150015000840200015000990350023001140400025001370420014001620500021001760820024001971000026002212450104002472600030003513000033003815050214004146500029006286500016006576500036006738560090007098560078007991335076720221019180721.0030924s2004 nyua 001 0 eng  a 2003277029 aGBA2-V1640 a0471202150 a(OCoLC)ocm50582550 aUKMcUKMdOCLCQdDLC alccopycat00aTA330b.H65 200404a620.0015118,HOL2211 aHolloway, James Paul.10aIntroduction to engineering programming :bsolving problems with algorithms /cJames Paul Holloway. aNew York :bWiley,c2004. axx, 422 p. :bill. ;c24 cm. aIntroduction (Page-1), Sequence (Page-17), Iteration (Page-80), Selection (Page-146), Dealing with Data (Page-183), Array Semantics (Page-223), Aggregate Semantics (Page-294), Finite Space and Time (Page-346). 0aEngineering mathematics. 0aAlgorithms. 0aC++ (Computer program language)423Publisher descriptionuhttp://www.loc.gov/catdir/description/wiley041/2003277029.html413Table of contentsuhttp://www.loc.gov/catdir/toc/wiley041/2003277029.html